[Event "Bayamo Cespedes Memorial op"]
[Site "Bayamo"]
[Date "2017.03.07"]
[Round "9.20"]
[White "Fonseca Castillo, Osmani Michel"]
[Black "Gonzalez Rodriguez, Emanuel"]
[Result "1-0"]
[WhiteElo "1754"]
[BlackElo "1908"]
[PlyCount "47"]
[EventDate "2017.03.01"]
[EventType "swiss"]
[EventRounds "9"]
[EventCountry "CUB"]
[SourceTitle "EXT 2023"]
[Source "ChessBase"]
[SourceDate "2022.10.05"]
[SourceVersion "1"]
[SourceVersionDate "2022.10.05"]
[SourceQuality "1"]

1. e4 Nf6 2. e5 Nd5 3. d4 d6 4. Nf3 Bg4 5. h3 Bh5 6. c4 Nb6 7. Qb3 e6 8. Bg5 Be7 9. Bxe7 Qxe7 10. exd6 cxd6 11. a4 Qc7 12. Qb5+ Qc6 13. Qxh5 d5 14. c5 a6 15. Ne5 Qc7 16. Nc3 Nc8 17. Bd3 Nc6 18. Nxc6 Qxc6 19. 0-0 Ne7 20. b4 0-0-0 21. b5 Qc7 22. bxa6 bxa6 23. Bxa6+ Kd7 24. Bb5+ 1-0